Najstarsi piłkarze Euro 2024 - Statystyki

Ogólne statystyki
  • Ten quiz został rozwiązany 79 razy
  • Średni wynik to 3 z 10
Statystyki odpowiedzi
Wiek Odpowiedź % Poprawnych
39 lat 05 miesięcy 00 dni Cristiano Ronaldo
93%
38 lat 09 miesięcy 15 dni Luka Modrić
64%
41 lat 04 miesięcy 09 dni Pepe
60%
38 lat 03 miesięcy 08 dni Manuel Neuer
31%
37 lat 09 miesięcy 09 dni Olivier Giroud
13%
38 lat 07 miesięcy 18 dni Jesus Navas
11%
37 lat 07 miesięcy 24 dni Kasper Schmeichel
6%
37 lat 02 miesięcy 07 dni Jan Vertonghen
3%
37 lat 04 miesięcy 04 dni Juraj Kucka
3%
37 lat 08 miesięcy 00 dni Peter Pekarík
0%
Nie znaleziono quizów pasujących do podanych kryteriów
Rozkład punktacji
Procent ludzi z każdym wynikiem
Percentyl według liczby udzielonych odpowiedzi
Twoja historia wyników
Nie rozwiązałeś tego quizu